Culture Générale - Série 451 - Statistiques

Statistiques générales
  • Ce quiz a été pris 206 fois
  • Le résultat moyen est 4 sur 10
Statistiques - réponses
Question Réponse % Correct
Comment appelle‐t‐on le petit de la baleine ? baleineau
93%
Au coeur de quelle capitale européenne a‐t‐on vu une baleine bleue nager dans un fleuve en janvier 2006 ? Londres
65%
Dans le dessin animé "Le Monde de Nemo", quel poisson amnésique essaie de parler le langage des baleines ? Dory
61%
Quel nom spécifique porte la narine du cétacé, placée au sommet de la tête, et qui lui permet de respirer ? évent
38%
Comment qualifie‐t‐on la nageoire qui termine la queue des cétacés ? caudale
34%
Quel pays membre de l'OPEP nationalise son pétrole en 1971 ? Algérie
28%
Dans quel pays se trouve le port de Moka, qui a donné son nom à une variété de café ? Yémen
20%
Que signifie le mot russe "vodka" en français ? petite eau
10%
Dans le "Pinocchio" de Disney, comment s'appelle la baleine ? Monstro
9%
En 1976, quel chanteur interprète "Le Cimetière des baleines" ? Christophe
2%
Aucun quiz correspondant
Distribution des résultats
% des personnes avec chaque résultat
Percentile par nombre de réponses
Votre historique - résultats
Vous n’avez pas pris ce quiz